[Event "Moscow-chW 2019"]
[Site "Moscow"]
[Date "2019.03.30"]
[Round "1.1"]
[White "Charochkina, Daria"]
[Black "Dorofeeva, Nyurguiaana"]
[Result "1-0"]
[WhiteElo "2330"]
[BlackElo "1879"]
[Annotator "TA"]
[PlyCount "119"]
[EventDate "2019.03.30"]
[EventType "swiss"]
[EventCountry "RUS"]
[SourceTitle "playchess.com"]
[Source "ChessBase"]
[SourceQuality "1"]

{[%evp 19,119,-20,29,-11,0,0,0,-5,14,14,14,14,14,14,10,6,24,8,8,-6,50,45,79,10,23,-19,16,16,27,16,18,11,20,-7,0,0,29,-25,10,15,15,14,14,14,29,29,40,28,25,25,35,38,55,55,55,25,36,37,166,137,156,129,111,82,135,124,182,129,202,178,297,306,294,294,268,260,265,264,253,243,244,213,311,311,466,439,553,376,376,376,610,550,1000,971,29971,29972,29972,29973,5065,12559,4818,4794]} 1. d4 d5 2. Bf4 Nf6 3. e3 c5 4. c3 Nc6 5. Nd2 Qb6 6. Qc2 {D00: 1 d4 d5: Unusual lines} (6. Qb3 Nh5 7. Qxb6 axb6 8. Bc7 cxd4 9. exd4 e5 10. Bxe5 Nxe5 11. dxe5 Bc5 12. g3 O-O {1-0 (76) Aronian,L (2765)-Caruana,F (2832) London 2018}) 6... g6 7. Bd3 c4 8. Be2 Bf5 9. Qc1 Rc8 10. Ngf3 Bg7 {LiveBook: 3 Games} 11. Ne5 Nxe5 12. Bxe5 O-O 13. O-O Nd7 $146 ({Predecessor:} 13... Qc6 14. Bf3 a6 15. Re1 {½-½ (35) Ferreira,H (2027)-Santos,A (2233) Lisbon 2017}) 14. Bxg7 Kxg7 15. b3 {[%cal Rb3c4]} Bd3 16. Re1 e5 17. bxc4 dxc4 18. Bxd3 cxd3 19. Rb1 Qc7 (19... Qa5 $11 20. c4 exd4) 20. c4 $14 Rfe8 21. Qb2 ({White should try} 21. Qa3 $16) 21... b6 $11 22. e4 Kg8 23. d5 $1 Nc5 24. Rbc1 f5 25. f3 Qe7 26. Nb3 fxe4 27. fxe4 Qg5 28. Qd2 (28. Rcd1 $142) 28... Qxd2 (28... Qf4 {feels hotter.} 29. Rcd1 Nxe4 30. Qxf4 exf4 31. Rxd3 Rxc4 32. Nd2 Ra4) 29. Nxd2 Rf8 30. Re3 Rf4 31. g3 Rf6 32. Rf1 Rcf8 33. Rxf6 Rxf6 $14 {[%mdl 4096] Endgame KRN-KRN} 34. Nb3 Kf7 35. Nxc5 bxc5 36. Rxd3 {Threatens to win with Ra3. KR-KR} Ra6 37. a3 Ke7 38. Rb3 Kd6 (38... Ra4 $1 $14) 39. Kf2 Ra4 40. Rc3 Ra6 41. Rf3 {Strongly threatening Rf6+.} Ke7 (41... Ra4 $142) 42. Rb3 Kd6 (42... Ra4 $16 {keeps fighting.}) 43. Ke3 (43. Kf3 $18) 43... Kc7 (43... Ra4 $16) 44. Kd2 $18 Rf6 {[#]} (44... g5 {might work better.} 45. Rf3 Ra4) 45. Rb5 $1 Kd6 46. Ra5 Rf2+ 47. Ke3 Rxh2 48. Ra6+ ({Less strong is} 48. Rxa7 Rc2 $16) 48... Kd7 49. Rxa7+ Kd6 50. a4 {[%cal Ba3a4,Ba4a5,Ba5a6,Ba6a7][%mdl 32]} Ra2 (50... Rc2 $142 51. Ra6+ Kd7) 51. a5 ({Weaker is} 51. Rxh7 Ra3+ 52. Ke2 Rxa4 $16) 51... h5 (51... Ra3+ {was worth a try.} 52. Kd2 h5) 52. a6 Ra3+ 53. Kf2 Ra2+ 54. Kf1 Ra1+ $2 (54... g5 55. Rh7 Ra4) 55. Kg2 Ra4 56. Rg7 Rxc4 57. a7 Ra4 58. Rxg6+ Kc7 59. d6+ {[%cal Bd5d6,Bd6d7][%mdl 32]} Kc6 {[#]} 60. d7+ $1 {[%mdl 512] Accuracy: White = 75%, Black = 34%.} 1-0

[Event "Moscow-chW 2019"]
[Site "Moscow"]
[Date "2019.03.30"]
[Round "1.2"]
[White "Ilyina, Lada"]
[Black "Mirzoeva, Elmira"]
[Result "0-1"]
[WhiteElo "1877"]
[BlackElo "2272"]
[Annotator "TA"]
[PlyCount "131"]
[EventDate "2019.03.30"]
[EventType "swiss"]
[EventCountry "RUS"]
[SourceTitle "playchess.com"]
[Source "ChessBase"]
[SourceQuality "1"]

{[%evp 16,131,41,41,62,55,43,10,18,-27,-22,-25,16,-15,0,0,12,0,0,0,8,-19,0,0,-15,-11,-4,-31,-19,-26,-33,-26,-31,-33,-44,-33,-21,-48,-44,-60,-19,-61,-56,-76,-83,-75,-61,-69,-58,-142,-113,-344,-385,-376,-349,-323,-286,-294,-286,-212,-182,-252,-175,-187,-206,-201,-177,-211,-164,-173,-193,-187,-200,-193,-183,-177,-187,-212,-149,-176,0,-229,-229,-311,-311,-729,-711,-652,-627,-509,-496,-465,-486,-484,-480,-465,-441,-675,-629,-710,-710,-706,-699,-691,-652,-29971,-29973,-29979,-5097,-29974,-4947,-2282,-2020,-29985,-29986,-29986,-29987,-29987]} 1. e4 d6 2. d4 Nf6 3. Nc3 e5 4. Nf3 Nbd7 5. Bc4 Be7 6. O-O O-O 7. h3 c6 8. a4 a5 9. Be3 Nb6 {C41: Philidor Defence} (9... exd4 10. Nxd4 Nb6 11. Bd3 Re8 12. Qf3 Bf8 13. Rad1 Nbd7 14. Rfe1 Ne5 15. Qe2 Nxd3 16. Qxd3 Nd7 17. Nf3 {0-1 (76) Can,E (2571)-Kuzubov,Y (2635) Izmir 2016}) 10. Bb3 Nfd7 11. Ne2 exd4 $1 {The position is equal.} 12. Nexd4 Nc5 13. Nd2 d5 $146 (13... Nxb3 {with more complications.} 14. N4xb3 Bd7 15. Nd4 c5 16. Nf5 Nxa4 17. Nxe7+ Qxe7 18. c4 Nb6) ({Predecessor:} 13... Nxb3 14. N4xb3 Be6 15. Nd4 Bc4 16. Nf5 Bxf1 17. Bxb6 Qxb6 18. Nxe7+ {1-0 (27) Schroeder,J (2066)-Boeddeker,H (1985) Hofheim 2015}) 14. exd5 Nxd5 15. Bxd5 Qxd5 16. Qf3 Qxf3 17. N2xf3 f6 18. Bf4 Bd7 19. Rfe1 Kf7 $1 20. b3 Rfe8 21. Nd2 b5 22. Bc7 Rec8 23. Bg3 Bf8 24. Ne4 Nxe4 25. Rxe4 g5 26. Re2 h5 27. Rd1 Ra7 28. Red2 h4 29. Bh2 bxa4 30. bxa4 Bb4 31. Rd3 Rb7 32. Rb1 ({White should try} 32. c4 $15) 32... Re8 33. Rdb3 $2 (33. g4 $17 {keeps fighting.} hxg3 34. Rxg3) 33... c5 $19 {[%mdl 64] Discovered Attack} 34. Nb5 Bxb5 35. axb5 c4 (35... Rxb5 36. Re3 $19) 36. Re3 Rxe3 ({Resist} 36... Rxb5 37. c3 $17) 37. fxe3 {[%mdl 4096] Endgame KRB-KRB} c3 ({Much less strong is} 37... Rxb5 38. c3) 38. Kf2 (38. g3 $142) 38... Ke6 39. Ke2 Rxb5 {And now ...Rd5 would win.} 40. e4 Rb7 41. Bg1 Ke5 42. Kf3 Rd7 $1 43. Be3 Rd8 44. Ra1 Ra8 45. Ra4 Ra6 $1 46. Bf2 Rc6 47. Be3 Ra6 (47... Rd6 $142 48. Bg1 Rd2) 48. Bf2 Kd6 $1 49. Bd4 Kc6 50. Ke3 $2 (50. Ra1 Kb5 51. Kg4) 50... Kb5 51. Ra1 Kc4 52. Rf1 Rd6 53. Bxf6 Bc5+ 54. Ke2 Rd2+ {[%mdl 64] Double Attack} 55. Kf3 Rxc2 56. Bxg5 (56. e5 $142 Kd5 57. Bxg5) 56... Rb2 57. Ra1 Rf2+ 58. Kg4 Rxg2+ 59. Kf5 c2 {...Rxg5+! is the strong threat.} 60. Bf4 Rf2 61. Kg4 {[#]} Bd4 (61... Rxf4+ $142 $1 {[%mdl 512]} 62. Kxf4 Ba3 $1 {[%mdl 512]} 63. Kf5 c1=Q 64. Rxc1+ Bxc1 65. e5 a4 66. e6 Ba3 67. Kg5 Bb4 68. Kf6 a3 69. e7 Bxe7+ $1 {[%mdl 576] Promotion} 70. Kxe7 a2 71. Ke6 a1=Q 72. Kf5 Qc3 73. Kf4 Qf6+ 74. Kg4 Kd5 75. Kh5 Ke4 76. Kg4 Qe5 77. Kxh4 Kf5 78. Kh5 Qh8#) 62. Re1 {[#]} Bc3 (62... Rxf4+ $142 $1 {[%mdl 512]} 63. Kxf4 Bb2 64. Kg4 c1=Q 65. Rxc1+ Bxc1 66. e5 a4 67. Kxh4 Kd5 68. e6 Kxe6 69. Kh5 a3 70. Kh4 a2 71. Kg4 a1=Q 72. Kf3 Qc3+ 73. Kg2 Qe3 74. Kf1 Qf3+ 75. Ke1 Be3 76. h4 Qf2+ {[%mdl 64] Double Attack} 77. Kd1 Qd2#) 63. Rg1 Bd2 64. Bxd2 Rxd2 65. Rc1 Kd3 66. Ra1 {Accuracy: White = 34%, Black = 75%.} 0-1

[Event "Moscow-chW 2019"]
[Site "Moscow"]
[Date "2019.03.30"]
[Round "1.3"]
[White "Gvanceladze, Anna"]
[Black "Ivanova, Anastasia S."]
[Result "1-0"]
[WhiteElo "2261"]
[BlackElo "1860"]
[Annotator "TA"]
[PlyCount "72"]
[EventDate "2019.03.30"]
[EventType "swiss"]
[EventCountry "RUS"]
[SourceTitle "playchess.com"]
[Source "ChessBase"]
[SourceQuality "1"]

{[%evp 19,72,16,44,6,9,22,16,14,23,9,94,45,112,26,40,29,97,88,103,114,161,173,170,122,118,74,147,151,230,164,180,157,163,110,124,127,127,111,504,516,524,517,502,517,510,462,433,256,811,373,5615,5522,29981,29977,29988]} 1. e4 c5 2. Nf3 d6 3. Bb5+ Bd7 4. Bxd7+ Qxd7 5. O-O Nc6 6. c3 Nf6 7. Qe2 g6 8. d4 cxd4 9. cxd4 Bg7 10. Nc3 O-O 11. b3 {B52: Sicilian: Moscow Variation with 3...Bd7} Rac8 12. Bb2 a6 $146 ({Predecessor:} 12... d5 13. e5 Ne8 14. h4 Nc7 {½-½ (55) Torre,E (2570)-Wojtkiewicz,A (2565) Greenhills 1997}) 13. Rfe1 {The position is equal.} Nh5 14. Qd2 Qg4 (14... b5 $11) 15. h3 Qf4 {[#]} (15... Qd7 $14) 16. Re3 (16. Qd1 $1 $16 {Hoping for Nd5.} Qh6 17. Nd5) 16... Qh6 17. Nd5 e6 (17... f5 $11 {remains equal.}) 18. Nb6 $16 {Black must now prevent d5.} Rcd8 19. Rd1 Qf4 20. d5 $36 {[%mdl 2048] White has strong initiative.} Ne5 21. Nxe5 Bxe5 22. Bxe5 dxe5 ({Black should try} 22... Qxe5 23. g3 Nf6) 23. d6 Nf6 (23... Qg5 $16 {might work better.} 24. Qe2 Qh4) 24. Qb4 Nd7 {[#]} 25. Rc1 $1 f5 26. Rc7 (26. Nxd7 $18 Rxd7 27. g3) 26... Nxb6 27. Qxb6 fxe4 28. Re2 Rc8 $2 {[%mdl 8192]} (28... e3 $16 {is a better chance.}) 29. Qxb7 $18 {Intending Rg7+ and mate.} Rxc7 30. dxc7 {[%mdl 4096] Endgame KQR-KQR} Qc1+ 31. Kh2 Qf4+ 32. g3 Qc1 33. Qb6 (33. b4 $142) 33... Qc3 $2 (33... Kg7 34. Qd6 (34. Rxe4 Qc2 $16) 34... Rf7 35. Qxe5+ Kh6 36. Qxe4 Qxc7 37. Qxe6 Qa7) 34. Rxe4 (34. Qxe6+ $142 Kh8 35. Qd6) 34... Qb2 $2 (34... Kg7 35. Kg1 (35. Rc4 Qd2 $11) 35... Qc2) 35. Kg2 Kh8 36. Rc4 Qe2 {Accuracy: White = 62%, Black = 19%.} 1-0

[Event "Moscow-chW 2019"]
[Site "Moscow"]
[Date "2019.03.30"]
[Round "1.4"]
[White "Khachatryan, Marieta"]
[Black "Fominykh, Maria"]
[Result "0-1"]
[WhiteElo "1856"]
[BlackElo "2259"]
[Annotator "TA"]
[PlyCount "137"]
[EventDate "2019.03.30"]
[EventType "swiss"]
[EventCountry "RUS"]
[SourceTitle "playchess.com"]
[Source "ChessBase"]
[SourceQuality "1"]

{[%evp 18,137,3,2,16,-156,-152,-163,-167,-160,-163,-162,-106,-106,-97,-127,-120,-135,-129,-139,-135,-143,-121,-157,-157,-154,-128,-127,-131,-150,-124,-133,-116,-149,-121,-168,-105,-149,-106,-172,-169,-169,-165,-228,-231,-235,-237,-227,-199,-200,-191,-185,-175,-263,-258,-387,-374,-766,-715,-12592,-12520,-5531,-2837,-29975,-29976,-29976,-29977,-29977,-29977,-29977,-29973,-29972,-29974,-29974,-29975,-29975,-29976,-29976,-29977,-29977,-29978,-29978,-29976,-29976,-29977,-29977,-29976,-29977,-29978,-29978,-29978,-29979,-29980,-29980,-29979,-29979,-29980,-29980,-29980,-29981,-29982,-29983,-29983,-29985,-29986,-29986,-29987,-29987,-29988,-29988,-29989,-29990,-29988,-29988,-29989,-29989,-29989,-29991,-29991,-29992,-29993,-29993]} 1. e4 d6 2. d4 g6 3. f4 Bg7 4. Nf3 c5 5. Nc3 cxd4 6. Nxd4 Nf6 7. Be2 O-O 8. Be3 Nc6 9. Qd2 {B72: Sicilian Dragon: 6 Be3, lines with h3+Bc4 and sidelines} (9. Nb3 a6 10. g4 b5 11. g5 Nd7 12. Qd2 Nb6 13. O-O-O Na4 14. Nd4 Bb7 15. Nd5 Nxd4 16. Bxd4 e5 17. fxe5 Bxd5 18. exd5 dxe5 {0-1 (43) Fedorchuk,S (2673)-Hou,Y (2673) Bastia 2014}) 9... Nxd4 10. Bxd4 {LiveBook: 4 Games} Qa5 11. O-O $2 {[#]} (11. Bxf6 $11 Bxf6 12. Nd5 Qxd2+ 13. Kxd2) 11... Nxe4 $1 $17 {[%mdl 512]} 12. Qe3 {Hoping for Bxg7.} (12. Nxe4 Qxd2) 12... Bxd4 13. Qxd4 Nxc3 14. bxc3 Qc5 (14... Bd7 $19 15. Qb4 Qc7) 15. Qxc5 $146 ({Predecessor:} 15. Bf3 Qxd4+ 16. cxd4 Rb8 {0-1 (32) Zelenka,K (1580)-Skiba,M (1674) Chotowa 2009}) 15... dxc5 16. Rab1 b6 17. Bf3 {[#]} Rb8 $1 18. Rfe1 Be6 19. a4 Rfd8 20. Rbd1 Kf8 21. g4 Rd6 22. Rxd6 exd6 {[%mdl 4096] Endgame KRB-KRB} 23. Rd1 Rd8 24. Kf2 Ke7 25. h3 d5 26. Ke3 f6 ({Better is} 26... a5 $19 27. Rd2 Rd6) 27. h4 h6 28. Ke2 (28. a5 $17 {is a better defense.}) 28... a5 $19 29. Ke3 Rd6 30. Kd3 (30. g5 $142) 30... Bd7 31. Ra1 d4 32. g5 hxg5 33. fxg5 dxc3+ 34. Kxc3 Rd4 35. gxf6+ (35. Re1+ {was necessary.} Kf7 36. Rb1) 35... Kxf6 36. h5 (36. Rb1 $142 Rb4 37. Rxb4 axb4+ 38. Kb3) 36... Rxa4 37. Rxa4 $2 (37. Rg1 Ra3+ 38. Kc4 Rxf3 39. Rxg6+ Ke7 40. Rxb6) 37... Bxa4 38. hxg6 Kxg6 {KB-KB} 39. Kb2 Kf5 40. c4 Kf4 {Black mates.} 41. Bh5 Bd7 42. Kc3 Ke3 43. Bf7 Bf5 44. Be8 Ke4 45. Bb5 Ke5 46. Bc6 Kd6 47. Ba4 Bd7 48. Bc2 Ke5 49. Bd1 Ke4 50. Bh5 a4 51. Bf7 Bc6 52. Bg6+ Ke3 53. Bh5 a3 54. Kb3 Kd4 55. Bf7 Be4 56. Kxa3 {[#]} Kc3 $1 57. Ka4 Bc6+ 58. Ka3 Bb7 59. Ka2 Ba6 60. Kb1 Bxc4 61. Bh5 b5 62. Bd1 b4 63. Kc1 b3 64. Bc2 Bd3 65. Bxb3 Kxb3 66. Kd2 c4 {[%cal Bc5c4,Bc4c3][%mdl 32]} 67. Kc1 c3 68. Kd1 Kb2 69. Ke1 {Accuracy: White = 27%, Black = 76%.} 0-1

[Event "Moscow-chW 2019"]
[Site "Moscow"]
[Date "2019.03.30"]
[Round "1.5"]
[White "Borisova, Ekaterina"]
[Black "Zvereva, Margarita"]
[Result "1-0"]
[WhiteElo "2255"]
[BlackElo "1853"]
[Annotator "TA"]
[PlyCount "51"]
[EventDate "2019.03.30"]
[EventType "swiss"]
[EventCountry "RUS"]
[SourceTitle "playchess.com"]
[Source "ChessBase"]
[SourceQuality "1"]

{[%evp 16,51,20,10,13,4,12,0,16,-8,-6,-7,91,69,28,30,122,133,128,132,203,211,306,201,1672,1660,2358,2310,2336,2280,2168,2056,29994,29994,29994,29995,29995,29996]} 1. d4 d5 2. c4 e6 3. Nf3 Nf6 4. g3 Bb4+ 5. Bd2 Be7 6. Bg2 O-O 7. O-O c6 8. Nc3 b6 9. Bf4 Ba6 {E06: Closed Catalan: Early deviations} 10. cxd5 cxd5 11. Rc1 Nh5 {The position is equal.} 12. Ne5 $146 ({Predecessor:} 12. Be5 Bb7 13. e4 dxe4 14. Nd2 Nf6 15. Bxf6 gxf6 16. Ndxe4 Kh8 17. d5 exd5 {1-0 (25) Meier,G (2558)-Tischbierek,R (2487) Germany 2008}) 12... Nxf4 13. gxf4 Bf6 (13... Nd7 $11) 14. f5 Bxe5 15. dxe5 {[#] And now fxe6 would win.} Bb7 (15... Nc6 $11 {remains equal.}) 16. Nb5 $36 {[%mdl 2048] Keeping Black busy.} Na6 17. Nd6 Qe7 (17... Rb8 $16 18. Qd3 Nc7) 18. Qd4 $18 {f6 is the strong threat.} Kh8 (18... Rfd8 {might work better.} 19. f6 gxf6) 19. Rc3 {[#] Strongly threatening f6.} Nc5 $2 (19... exf5 20. Nxf5 Qg5) 20. f6 gxf6 21. Qh4 {Intending Rh3 and mate.} Rg8 22. Rh3 {[%csl Gh3][%cal Rh4h7]} Rg7 23. exf6 Rxg2+ 24. Kxg2 {[%csl Gh3][%cal Rh4h7] White mates.} Rg8+ 25. Kh1 {[%csl Gh3][%cal Rh4h7]} d4+ 26. f3 {Accuracy: White = 81%, Black = 35%.} 1-0

[Event "Moscow-chW 2019"]
[Site "Moscow"]
[Date "2019.03.30"]
[Round "1.6"]
[White "Seregina, Maria"]
[Black "Diakonova, Ekaterina"]
[Result "0-1"]
[WhiteElo "1853"]
[BlackElo "2214"]
[Annotator "TA"]
[PlyCount "70"]
[EventDate "2019.03.30"]
[EventType "swiss"]
[EventCountry "RUS"]
[SourceTitle "playchess.com"]
[Source "ChessBase"]
[SourceQuality "1"]

{[%evp 18,69,-15,-19,4,-16,-10,-10,7,-15,-7,-21,-15,-9,-2,-37,-36,-83,-73,-71,-47,-41,-69,-100,-33,-25,-27,-251,-93,-83,-85,-79,-54,-41,-38,-185,12,-258,-276,-265,-266,-817,-608,-639,-612,-1030,0,-29991,-29989,-29999,-29997,-29999,-29999,-29999]} 1. f4 d5 2. Nf3 Nf6 3. g3 c5 4. Bg2 Nc6 5. d3 g6 6. c3 Bg7 7. O-O O-O 8. Qe1 b6 9. Na3 {A03: Bird's Opening with 1...d5} Ba6 (9... Bb7 10. e4 dxe4 11. dxe4 e5 12. f5 Ba6 13. Rf2 Ng4 14. Rd2 Qc7 15. h3 Nf6 16. g4 Rfe8 {1-0 (50) Reinderman,D (2584)-Moradiabadi,E (2567) Dieren 2015}) 10. Rb1 {LiveBook: 3 Games} b5 11. b4 $146 {The position is equal.} ({Predecessor:} 11. Nc2 b4 12. cxb4 cxb4 13. Kh1 Rb8 14. Ne5 Nxe5 15. fxe5 Ng4 16. Nxb4 Bb7 {1-0 (48) Szalai,K (2397)-Vajda,S (2364) Hungary 2018}) 11... cxb4 12. cxb4 Qb6+ 13. Kh1 d4 14. e4 dxe3 15. Bxe3 Qd8 16. Rc1 Rc8 17. Ne5 Nxe5 18. Rxc8 Qxc8 19. fxe5 Ng4 20. Bf4 Qe6 (20... Bb7 $17 {White must now prevent ...Bxg2+.} 21. Qe2 Bxg2+ 22. Kxg2 Qd7) 21. d4 $1 $15 {[%cal Bd3d4,Bd4d5][%mdl 32]} Qxa2 22. Bc1 $2 (22. Qa1 $11 Qe2 23. Re1) 22... Nh6 $2 ({But not} 22... Bb7 23. Qd2 $17) (22... Rd8 $19 {has better winning chances.} 23. e6 f5) 23. Rf2 $17 Qb3 24. Rf3 Qe6 25. d5 Qd7 $36 {[%mdl 2048] Black is pushing.} 26. Rd3 (26. h3 $15) 26... Rc8 $2 ({Better is} 26... Ng4 $19 27. Bf4 Qf5) 27. Qf1 $2 {[%mdl 8192]} (27. e6 $11 {and White is okay.} fxe6 28. Bxh6 Bxh6 29. Bh3) 27... Ng4 $19 28. e6 fxe6 {[%cal Bf7e6,Be6d5,Bd5d4][%mdl 32] Threatens to win with ...Rxc1!} 29. Bh3 $2 (29. Bf4) 29... exd5 30. Be3 d4 {Hoping for ...Qb7+.} 31. Bf4 Ne3 $2 (31... e5 $19 32. Qe2 {[#]} Nf2+ $1 {[%mdl 512]} 33. Qxf2 Qxh3) 32. Qe2 $2 {[%mdl 8192]} (32. Rxe3 $11 Qb7+ 33. Rf3) 32... Qxh3 {Black mates.} 33. Qd2 {[#]} Rc2 $1 {[%cal Rh3f1]} 34. Qc1 (34. Nxc2 Qf1#) 34... Bb7+ 35. Kg1 Qg2# {Precision: White = 24%, Black = 26%.} ({Black should try} 35... Qxh2#) 0-1

[Event "Moscow-chW 2019"]
[Site "Moscow"]
[Date "2019.03.30"]
[Round "1.7"]
[White "Utiatskaja, Irina"]
[Black "Zakharova, Anna"]
[Result "1-0"]
[WhiteElo "2210"]
[BlackElo "1820"]
[Annotator "TA"]
[PlyCount "73"]
[EventDate "2019.03.30"]
[EventType "swiss"]
[EventCountry "RUS"]
[SourceTitle "playchess.com"]
[Source "ChessBase"]
[SourceQuality "1"]

{[%evp 25,73,39,59,52,51,59,71,40,52,37,244,65,143,136,138,62,57,58,63,56,53,56,57,40,46,37,33,44,48,-8,-8,-7,-11,-265,-231,-244,-116,-327,-325,-300,-86,-79,-71,-83,29,29,29,25,25,25]} 1. e4 c5 2. Nf3 e6 3. d4 cxd4 4. Nxd4 Nf6 5. Nc3 Nc6 6. Ndb5 Bb4 7. a3 Bxc3+ 8. Nxc3 d5 9. exd5 exd5 10. Bd3 O-O 11. O-O d4 12. Ne2 Bg4 13. Bg5 Qd6 14. f3 {B45: Sicilian Four Knights} Bh5 15. Qd2 Rfe8 16. Rad1 {White is better.} Rad8 17. Bh4 {[#]} Qe5 $146 (17... Bg6 $14) ({Predecessor:} 17... Bg6 18. Bxg6 hxg6 19. Bf2 Nd5 20. c3 dxc3 21. Nxc3 Nxc3 22. Qxd6 Nxd1 {1-0 (41) Zhigalko,A (2571)-Abergel,T (2520) Lille 2011}) 18. Bf2 $2 (18. Ng3 $1 $18) 18... Nd5 ({Better is} 18... a6 $14) 19. g4 $16 Ne3 20. Bxe3 (20. gxh5 $16 Nxf1 21. Rxf1) 20... dxe3 $14 21. Qe1 $1 Bg6 22. f4 $1 {[%cal Rf4e5]} Qxb2 {...Bxd3 is the strong threat.} 23. f5 Qxa3 24. fxg6 hxg6 25. Bc4 Ne5 26. Bb3 Qc5 {aiming for ...Rd2.} 27. Rf4 (27. Qc3 $14 Qxc3 28. Nxc3) 27... g5 $11 28. Rf5 g6 $36 {[%mdl 2048] Black is pushing.} 29. Rf6 $2 {[%mdl 8192]} (29. Rxd8 $11 {and White is okay.} Rxd8 30. Bxf7+ Kg7 31. Bxg6 Qxc2 32. Rxe5) 29... Kg7 30. Rf1 Qc6 (30... Rd2 $1 $19 31. c3 f6) 31. Nd4 $2 (31. Rxd8 $17 Rxd8 32. Qa1) 31... Qe4 $19 {[%mdl 64] Double Attack} 32. c3 {[#] intending Qe2.} Qxg4+ $2 (32... e2 $1 $19 {[%cal Re2f1] has better winning chances.} 33. Nxe2 Qxg4+ 34. Kh1 Rxd1 35. Bxd1 Qe4+ 36. Kg1 Nf3+ 37. Rxf3 Qxf3) 33. Qg3 $17 Qxg3+ 34. hxg3 {[#]} Rxd4 (34... Rc8 $1 $17 35. Rc1 a5) 35. cxd4 $11 {White has an edge.} e2 36. dxe5 exd1=Q 37. Rxd1 {[%mdl 32768] Accuracy: White = 39%, Black = 40%. . Loss on time!?} 1-0

[Event "Moscow-chW 2019"]
[Site "Moscow"]
[Date "2019.03.30"]
[Round "1.8"]
[White "Sayafarova, Anna"]
[Black "Dumcheva, Julia"]
[Result "0-1"]
[WhiteElo "1789"]
[BlackElo "2168"]
[Annotator "TA"]
[PlyCount "146"]
[EventDate "2019.03.30"]
[EventType "swiss"]
[EventCountry "RUS"]
[SourceTitle "playchess.com"]
[Source "ChessBase"]
[SourceQuality "1"]

{[%evp 13,146,-8,31,0,78,64,91,-21,-22,-14,-16,-25,-20,-20,-13,-13,-6,-8,0,0,9,-16,23,-4,-8,-18,-18,-18,-18,-13,-13,-43,-28,-28,-28,-25,-18,-22,0,0,-8,-10,-16,-40,-40,-56,-58,-74,-66,-100,-100,-204,-206,-249,-244,-261,-257,-248,-247,-247,-252,-252,-249,-268,-236,-423,-413,-419,-410,-450,-451,-674,-643,-603,-584,-692,-685,-669,-637,-687,-662,-654,-615,-1153,-1101,-1031,-885,-672,-170,-166,-146,-146,-140,-606,-584,-977,-685,-1440,-572,-972,-1101,-572,-545,-29965,-29967,-29967,-29968,-29965,-106,-29970,-29972,-29972,-29972,-29974,-29974,-29976,-29976,-29977,-29978,-29978,-29978,-29978,-29979,-29980,-29981,-29982,-29983,-29984,-29985,-29985,-29986,-29986,-29978,-29990,-29991]} 1. e4 e6 2. d4 d5 3. e5 c5 4. c3 Qb6 5. a3 a5 6. Bd3 Bd7 7. Nf3 Bb5 8. O-O {C02: French: Advance Variation} Nc6 (8... a4 $11 {remains equal.}) (8... Bxd3 9. Qxd3 Qa6 10. Qe3 Nd7 11. a4 Ne7 12. Qf4 Qd3 13. Na3 Nc6 14. Nb5 Rc8 15. Qg3 Qg6 {0-1 (92) Panarin,M (2486)-Volkov,S (2622) playchess.com INT 2005}) 9. Bxb5 $16 Qxb5 10. Qc2 $146 ({White should try} 10. a4 $16 Qb6 11. Na3) ({Predecessor:} 10. Nbd2 cxd4 11. cxd4 Nge7 12. Nb1 Qb6 13. Nc3 Nf5 14. Na4 Qa7 15. Be3 Be7 {0-1 (35) Mahitosh,D (1873)-Raahul,V (2154) Rajahmundry 2016}) 10... a4 $11 11. Be3 Nge7 12. Nbd2 cxd4 13. Nxd4 Nxd4 14. Bxd4 Nc6 15. f4 Bc5 16. Nf3 h6 17. Qf2 b6 18. Rad1 g6 19. h3 Na5 20. Nh2 O-O-O 21. Nf3 Nb3 22. Nd2 Nxd2 23. Rxd2 Kb7 24. Bxc5 bxc5 25. c4 Qxc4 26. Rc2 $1 {[%cal Rc2c4]} Qd4 {Threatens to win with ...Qxf2+.} 27. Rxc5 Qxf2+ 28. Rxf2 {[%mdl 4096] Endgame KRR-KRR} Rc8 29. Rb5+ Ka6 $1 30. Rb4 Rc1+ 31. Rf1 Rc4 $1 {[%cal Rc4b4] Hoping for ...Rxb4.} 32. Rxc4 (32. b3 $17 {was called for.} Rxb4 33. axb4) 32... dxc4 $17 {KR-KR} 33. Rd1 Rb8 34. Rd4 Kb5 $1 35. Kf2 Kc5 36. Rd2 Rb3 $1 37. Ke2 h5 38. Kd1 Rd3 39. Kc2 $2 (39. Ke2 Rg3 40. Kf2) 39... Kd4 $19 40. Re2 h4 41. Re1 c3 42. bxc3+ (42. Re2 $142 cxb2 43. Kxb2) 42... Rxc3+ {[%mdl 64] Double Attack} 43. Kb2 Rb3+ 44. Ka2 Re3 45. Rd1+ Ke4 46. Rd7 Kxf4 47. Rxf7+ Kxe5 48. Ra7 Re2+ 49. Kb1 Rxg2 50. Rxa4 Rg3 $2 (50... g5 51. Kc1 g4 $1 {[%mdl 512]} 52. Ra5+ Kf4 53. Ra4+ Kf3 54. hxg4 Rg1+ 55. Kb2 h3) 51. Rxh4 Rxa3 52. Kc2 g5 53. Rh5 $2 {[%mdl 8192]} (53. Rh8 $17) 53... Kf4 54. Rh6 e5 55. Rf6+ Ke4 (55... Ke3 $142 56. Rf5 Kd4 57. Rxg5 Rc3+ 58. Kd1 Rxh3) 56. Rh6 Ra2+ 57. Kd1 Rh2 58. Rh8 Ke3 59. Rg8 e4 60. Rxg5 {[#]} Rxh3 $2 (60... Rh1+ $1 {mates} 61. Kc2 Ke2 62. Rg2+ Kf3 63. Rg8 e3 64. Rf8+ Ke2 65. h4 Ke1 66. Kd3 e2 67. Ke3 Rxh4 68. Ra8 Rh3+ 69. Kd4 Kf2 70. Ra2 Kf1 71. Rxe2 Kxe2 72. Kd5 Ke3 73. Kd6 Rh5 74. Ke6 Kd4 75. Kf6 Re5 76. Kg6 Ke4 77. Kf6 Kf4 78. Kg6 Re6+ 79. Kg7 Kg5 80. Kf7 Re2 81. Kg7 Rf2 82. Kh8 Kg6 83. Kg8 Kh6 84. Kh8 Rf8#) 61. Rg8 $2 {[%mdl 8192]} (61. Re5 $17) 61... Rh1+ {Black mates.} 62. Kc2 Ke2 63. Rf8 e3 64. Rf7 Rh8 65. Re7 Rc8+ 66. Kb2 Kd2 67. Rd7+ Ke1 68. Rh7 e2 69. Rf7 Rc5 70. Rf8 Kd2 71. Rd8+ Ke3 72. Re8+ Kd3 73. Rd8+ Ke4 {Accuracy: White = 28%, Black = 73%.} 0-1